00785nam a2200193 a 450000500170000000800410001702000180005805000180007624500620009426000260015630000220018244000190020450000650022352001380028865000140042665000210044099900190046195201110048020140412111308.0000818s19uu xx 00 eng d a0-7105-0590-6 aTR(PS EbCr87 aA Crow in borrowed feathers :bthe boy who cried 'wolf!'. aEngland :bJoie, Inc. a1 v. (unp.); ill. aAesop's Fables aContents: A crow in borrowed feathes--The Boy who cried wolf aDeep within the forest could be heard the chatter of many birds quarreling over which was the best and the most beautiful among them. aFolktales aChildren stories c103806d103806 00104050aELbELcTRd2000-08-18eLib. Fundl0oTR(PS E Cr87pE5917r2014-04-12 00:00:00w2014-04-12yBK